| 000 -ლიდერი |
| ფიქსირებული სიგრძის საკონტროლო ველი |
01279nam a2200265Ia 4500 |
| 001 - საკონტროლო ნომერი |
| საკონტროლო ველი |
23537 |
| 003 - საკონტროლო ნომრის იდენტიფიკატორი |
| საკონტროლო ველი |
GE_BSU |
| 005 - ბოლო ოპერაციის თარიღი და დრო |
| საკონტროლო ველი |
20191002154642.0 |
| 008 - ფიქსირებული სიგრძის მონაცემთა ელემენტები - ზოგადი ინფორმაცია |
| ფიქსირებული სიგრძის საკონტროლო ველი |
181216s2018||||ge |||||||||||||| ||geo|| |
| 020 ## - წიგნის საერთაშორისო სტანდარტული ნომერი |
| International Standard Book Number |
9789941262814 |
| 040 ## - კატალოგიზაციის წყარო |
| Transcribing agency |
GE_BSU |
| 041 ## - ენის კოდი |
| Language code of text/sound track or separate title |
geo |
| 080 ## - უნივერსალური ათობითი კლასიფიკაციის ინდექსი |
| Universal Decimal Classification number |
004+372.3 გ-30 |
| 100 ## - მთავარი ჩანაწერი - პიროვნების სახელი |
| Personal name |
გელაძე, დარეჯან. |
| 9 (RLIN) |
4450 |
| 245 ## - ცნობა სათაურის შესახებ |
| Title |
ინფორმაციულ-საკომუნიკაციო ტექნოლოგიების ინტეგრირება პედაგოგიურ პრაქტიკასთან : |
| Remainder of title |
დამხმარე სახელმძღვანელო / |
| Statement of responsibility, etc |
რედ : გურამ ჩაჩანიძე ; დიზაინ : ასლან დუმბაძე. |
| 264 ## - წარმოების, გამოცემის, დისტრიბუციის და სხვა ცნობები |
| გამოცემის, წარმოების, დისტრიბუციის... ადგილი |
თბილისი : |
| გამოცემის, წარმოების, დისტრიბუციის... სახელწოდება |
უნივერსალი, |
| გამოცემის, წარმოების, დისტრიბუციის... თარიღი |
2018. |
| 300 ## - ფიზიკური აღწერა |
| Extent |
448 გვ .: |
| Other physical details |
ილ . ; |
| Dimensions |
21 სმ. |
| 504 ## - BIBLIOGRAPHY, ETC. NOTE |
| Bibliography, etc |
ბიბლ.გვ.429-445 |
| 653 ## - INDEX TERM--UNCONTROLLED |
| Uncontrolled term |
კომუნიკაცია |
| 653 ## - INDEX TERM--UNCONTROLLED |
| Uncontrolled term |
პედაგოგიკა |
| 700 ## - ADDED ENTRY--PERSONAL NAME |
| Personal name |
ჩაჩანიძე , გურამ |
| Relator term |
რედაქტორი |
| 9 (RLIN) |
851 |
| 700 ## - ADDED ENTRY--PERSONAL NAME |
| Personal name |
დუმბაძე , ასლან |
| Relator term |
დიზაინერი |
| 9 (RLIN) |
4451 |
| 942 ## - ADDED ENTRY ELEMENTS (KOHA) |
| Koha item type |
წიგნი |
| Source of classification or shelving scheme |
|